|
|
|
|
| LEADER |
00000nam0a2200000 4500 |
| 001 |
361438 |
| 005 |
20240827063211.0 |
| 035 |
|
|
|a (RuTPU)RU\TPU\retro\18764
|
| 090 |
|
|
|a 361438
|
| 100 |
|
|
|a 20210607d19?? m y0rusy50 ca
|
| 101 |
0 |
|
|a rus
|
| 102 |
|
|
|a RU
|
| 105 |
|
|
|a a z 000zb
|
| 200 |
1 |
|
|a Владимир Афанасьевич Обручев
|e [фотоальбом]
|f сост. И. Т. Лозовский
|
| 210 |
|
|
|a Томск
|c [Б. и.]
|d [19??]
|
| 215 |
|
|
|a [40 л.]
|c ил.
|
| 300 |
|
|
|a Нумерация страниц отсутствует
|
| 600 |
|
1 |
|a Обручев
|b В. А.
|c российский геолог
|c профессор Томского технологического института
|c исследователь Сибири, Центральной и Средней Азии
|c географ
|f 1863-1956
|g Владимир Афанасьевич
|y Томск
|7 ca
|8 rus
|2 stltpush
|3 (RuTPU)RU\TPU\pers\996
|9 441
|
| 606 |
1 |
|
|a Томский политехнический университет
|2 stltpush
|3 (RuTPU)RU\TPU\subj\67475
|9 83260
|
| 610 |
1 |
|
|a высшее образование
|
| 610 |
1 |
|
|a история
|
| 610 |
1 |
|
|a ТПИ
|
| 610 |
1 |
|
|a Томский политехнический институт
|
| 610 |
1 |
|
|a персоналии
|
| 610 |
1 |
|
|a биографии
|
| 610 |
1 |
|
|a профессора ТПИ
|
| 610 |
1 |
|
|a профессора ТТИ
|
| 610 |
1 |
|
|a труды учёных ТПУ
|
| 610 |
1 |
|
|a фотоальбомы
|
| 610 |
1 |
|
|a Коллекция История ТПУ
|
| 686 |
|
|
|a Ч484(2)72ТПУ
|v LBC/SL-A
|2 rubbk
|
| 702 |
|
1 |
|a Лозовский
|b И. Т.
|c ведущий научный сотрудник Томского политехнического университета, краевед
|f 1920-2004
|g Игорь Трофимович
|2 stltpush
|3 (RuTPU)RU\TPU\pers\22763
|4 220
|9 9791
|
| 801 |
|
1 |
|a RU
|b 63413507
|c 20210607
|
| 801 |
|
2 |
|a RU
|b 63413507
|c 20210709
|g RCR
|
| 942 |
|
|
|c BK
|